01009nam a22002177a 4500999001700000003000900017008004100026040007100067082002400138100002100162245009300183260005300276300002800329505020700357650003400564650002400598650002900622942001600651945002000667952010400687 c11804d11804AR-CdUCM190405b ||||| |||| 00| 0 spa d aMUNICIPALIDAD PROVINCIAL DEL CUSCOcBIBLIOTECA MUNICIPAL DEL CUSCO a349.7 /bH54 / 1882 aHeredia, Ricardo aLecciones de Derecho público eclesiástico dictadas en la Universidad de San Marcos / aLima :bImpr. Calle del Padre Jerónimo,c1882. a286 páginas ;c20 cm. aContenido: Noción general de iglesia -- Constitución de la iglesia católica -- Definición y división de los cánones -- Definición y división de las fuentes del derecho eclesiástico ... aDerecho eclesiástico929120 aJurisprudencia9927 aIglesia católica93151 2ddccLIBROS aacvd05/04/2019 002ddc4070aSCAbSCAcCARTd2019-04-05g85.00o349.7 / H54 / 1882pSCA0001765r2019-04-05yLIBROS